00348pab a2200121 454500008004000000100002000040245009000060260000900150300001400159362000800173650001100181773003400192180718b2006 xxu||||| |||| 00| 0 eng d aWacker, R. Fred aMichigan gambling: the interactions of native American, Detroit, and Canadian casinos c2006 ap.373-80. aNov aTribes aAmerican Behavioral Scientist